<?xml version="1.0" encoding="UTF-8"?>
<record
    xmlns:xsi="http://www.w3.org/2001/XMLSchema-instance"
    xsi:schemaLocation="http://www.loc.gov/MARC21/slim http://www.loc.gov/standards/marcxml/schema/MARC21slim.xsd"
    xmlns="http://www.loc.gov/MARC21/slim">

  <leader>00769    a2200181   4500</leader>
  <controlfield tag="001">142468</controlfield>
  <datafield tag="040" ind1=" " ind2=" ">
    <subfield code="c">Leonardo Da Vinci</subfield>
  </datafield>
  <datafield tag="041" ind1=" " ind2=" ">
    <subfield code="a">Portugu&#xEA;s</subfield>
  </datafield>
  <datafield tag="082" ind1=" " ind2=" ">
    <subfield code="a">v210</subfield>
  </datafield>
  <datafield tag="100" ind1=" " ind2=" ">
    <subfield code="a">EDUCACIONAL SHOP VIDEO</subfield>
  </datafield>
  <datafield tag="245" ind1=" " ind2=" ">
    <subfield code="a">Estrutura do &#xE1;tomo</subfield>
  </datafield>
  <datafield tag="250" ind1=" " ind2=" ">
    <subfield code="a">v.1-2</subfield>
  </datafield>
  <datafield tag="260" ind1=" " ind2=" ">
    <subfield code="b">ESV</subfield>
    <subfield code="a">S&#xE3;o Paulo</subfield>
  </datafield>
  <datafield tag="490" ind1=" " ind2=" ">
    <subfield code="a">TV Ontario</subfield>
  </datafield>
  <datafield tag="520" ind1=" " ind2=" ">
    <subfield code="a">Hist&#xF3;ria e a evolu&#xE7;&#xE3;o do modelo at&#xF4;mico, das hip&#xF3;teses dos
primeiros fil&#xF3;sofos gregos at&#xE9; o modelo mec&#xE2;nico ondulat&#xF3;rio dos f&#xED;sicos
at&#xF4;micos modernos. Experi&#xEA;ncias feitas pelos cientistas (Bohr, de
Broglie, Faraday e Rutherford) usando a eletricidade, radioatividade e
espectrocopia</subfield>
  </datafield>
  <datafield tag="697" ind1=" " ind2=" ">
    <subfield code="a">Qu&#xED;mica</subfield>
    <subfield code="a">&#xC1;tomos</subfield>
    <subfield code="a">Estrutura</subfield>
    <subfield code="a">Modelo de Rutherford</subfield>
    <subfield code="a">Modelo de Bohr</subfield>
    <subfield code="a">Espectro</subfield>
    <subfield code="a">Modelo Mec&#xE2;nico</subfield>
    <subfield code="a">Ondulat&#xF3;rio</subfield>
  </datafield>
  <datafield tag="942" ind1=" " ind2=" ">
    <subfield code="c">VM</subfield>
  </datafield>
  <datafield tag="952" ind1=" " ind2=" ">
    <subfield code="0">0</subfield>
    <subfield code="1">0</subfield>
    <subfield code="4">0</subfield>
    <subfield code="7">0</subfield>
    <subfield code="a">72.1</subfield>
    <subfield code="b">72.1</subfield>
    <subfield code="d">2024-03-27</subfield>
    <subfield code="l">0</subfield>
    <subfield code="o">v210</subfield>
    <subfield code="p">A0227LVA</subfield>
    <subfield code="r">2024-03-27 22:46:58</subfield>
    <subfield code="w">2024-03-27</subfield>
    <subfield code="y">VM</subfield>
  </datafield>
  <datafield tag="999" ind1=" " ind2=" ">
    <subfield code="c">142468</subfield>
    <subfield code="d">142468</subfield>
  </datafield>
</record>
